000 01659cam a22001934a 4500
005 20250605163954.0
008 250528s ||||||||||||||||||||||||d
035 _a15419
020 _a9607235134
040 _aGR-AtMCL
_bgre
_dGR-AtMCL
_eAACR2
245 1 _aΑνάλυση και Σχεδιασμός Συστημάτων / Ανάπτυξη Πληροφοριακών Συστημάτων
260 _bΝέων Τεχνολογιών,
_c1991
300 _a368
520 _aΤο βιβλίο αυτό είναι το κλασσικό σύγγραμμα ανάλυσης και σχεδιασμού συστημάτων. Πρόλογος, Πληροφοριακά Συστήματα Επιχειρήσεων, Συστήματα Επεξεργασίας Δεδομένων, Πληροφοριακά Συστήματα, Ανάλυση Συστημάτων, Εισαγωγή στην Ανάπτυξη Πληροφοριακών Συστημάτων, Προκαταρκτική Φάση Ανάλυσης, Τεχνικές και Μέθοδοι Ανάλυσης, Καθορισμός Απαιτήσεων, Σχεδιασμός Συστημάτων, Τα Βήματα Σχεδιασμού, Σχεδιασμός Εξόδων, Σχεδιασμός Εισόδων και Διαλογών, Σχεδιασμός Αρχείων και Βάσεων Δεδομένων, Σχεδιασμός Επεξεργασίας, Σχεδιασμός Τηλεπερξεγασίας, Πρακτική Εφαρμογή, Βιβλιογραφία, Ευρετήριο.
700 1 _aΛαοπόδης Βασίλης Γ
_9238
942 _cBK
999 _c1001
_d1001